000 00405nam a2200121 4500
999 _c15133
_d15133
008 200305b ||||| |||| 00| 0 eng d
100 _941875
_aKabiling, Genalyn D.
_eAuthor.
245 _aNew law requires bigger license plates for motorcycles/
_cGenalyn D. Kabiling.
260 _aPhilippines;
_bManila Bulletin,
_c©2019.
300 _apage 2;
_c29.5cm.
650 _aAutomobiles.
_941877
942 _2ddc
_cPER